00324nam a2200097Ia 4500008004100000100001900041245005000060245002600110260000900136856008100145160531s9999 xx 000 0 und d aIvanov, Petar. aPregnancy Thrombophilia: The Unsuspected Risk cby Petar Ivanov (ed.) c2013 uhttp://www.intechopen.com/books/pregnancy-thrombophilia-the-unsuspected-risk